000
00264nam a22001217a 4500
008
181101b xxu||||| |||| 00| 0 eng d
041
_a
eng
080
_2
3rd
_a
591
100
_a
7
101
_a
ZOO
245
_a
The Vertebrate Body
_c
Romer,A.Sh
942
_2
udc
_c
BK
999
_c
51494
_d
51494